000 00407 a2200157 4500
005 20250311125254.0
020 _a978-81-203-0484-0
082 _a658.83 LUC
100 _aLUCK, D. J.
245 _aMarketing Research
250 _a7th Ed.
260 _aNew Delhi
_bPrentice - Hill
_c1987
300 _axvii, 683p., table, figure, picture
_bIndex,
_c23cm.
700 _aRUBIN, R. S.
942 _2ddc
_cBKS
999 _c380
_d380